Pays du monde en fonction de leurs capitales - Statistiques

Statistiques générales
  • Ce quiz a été pris 176 fois
  • Le résultat moyen est 82 sur 193
Statistiques - réponses
Hint Réponse % Correct
Brasilia Brésil
99%
Alger Algérie
90%
Amsterdam Pays-Bas
90%
Athènes Grèce
88%
Andorre-la-Vieille Andorre
85%
Berlin Allemagne
83%
Bruxelles Belgique
82%
Kiev Ukraine
82%
Buenos Aires Argentine
81%
Dublin Irlande
81%
Jérusalem Israël
81%
Lisbonne Portugal
81%
Canberra Australie
80%
Abou Dabi Émirats arabes unis
79%
Luxembourg Luxembourg
79%
Londres Royaume-Uni
79%
Le Caire Égypte
78%
Madrid Espagne
78%
Berne Suisse
78%
Ankara Turquie
78%
Helsinki Finlande
77%
Guatemala Guatemala
77%
Monaco Monaco
76%
Copenhague Danemark
75%
Koweït Koweït
75%
Mexico Mexique
75%
Lima Pérou
74%
Bucarest Roumanie
74%
La Havane Cuba
73%
Djibouti Djibouti
73%
Bangkok Thaïlande
73%
Budapest Hongrie
72%
Bogota Colombie
71%
Bagdad Irak
71%
Moscou Russie
70%
Paris France
69%
Beyrouth Liban
69%
Pékin Chine
68%
Dakar Sénégal
68%
New Delhi Inde
67%
Oslo Norvège
66%
Panama Panama
66%
Bissau Guinée-Bissau
65%
La Valette Malte
65%
BloemfonteinLe Cap Pretoria Afrique du Sud
63%
Rome Italie
63%
Doha Qatar
63%
Kaboul Afghanistan
62%
Belgrade Serbie
62%
Ottawa Canada
61%
Prague République tchèque
61%
Jakarta Indonésie
60%
Brazzaville République du Congo
60%
Damas Syrie
59%
Séoul Corée du Sud
58%
Rabat Maroc
58%
Bratislava Slovaquie
58%
Pyongyang Corée du Nord
56%
Bamako Mali
56%
Montevideo Uruguay
56%
Ljubljana Slovénie
55%
Antananarivo Madagascar
54%
Minsk Biélorussie
53%
La PazSucre Bolivie
53%
Singapour Singapour
53%
Stockholm Suède
53%
Tokyo Japon
52%
Kuala Lumpur Malaisie
52%
Reykyavik Islande
51%
Nairobi Kenya
51%
Manille Philippines
51%
Kinshasa République démocratique du Congo
51%
Asuncion Paraguay
50%
Tunis Tunisie
50%
Caracas Venezuela
49%
Hanoï Viêt Nam
49%
Sofia Bulgarie
48%
Addis-Abeba Ethiopie
48%
Saint-Marin Saint-Marin
48%
Bakou Azerbaïdjan
47%
Nicosie Chypre
47%
Riga Lettonie
47%
San Salvador Salvador
47%
Vatican Vatican
47%
Vienne Autriche
45%
Varsovie Pologne
45%
Washington États-Unis
44%
Kingston Jamaïque
44%
Katmandou Népal
44%
Chisinau Moldavie
43%
Erevan Arménie
42%
Phnom Penh Cambodge
40%
Port-au-Prince Haïti
40%
Islamabad Pakistan
40%
Riyad Arabie Saoudite
39%
Amman Jordanie
39%
Santiago Chili
38%
Zagreb Croatie
37%
Libreville Gabon
37%
Accra Ghana
37%
Conakry Guinée
37%
São Tomé Sao Tomé-et-Principe
37%
Sarajevo Bosnie-Herzégovine
36%
Quito Équateur
36%
Astana Kazakhstan
36%
Oulan-Bator Mongolie
36%
Khartoum Soudan
35%
Téhéran Iran
34%
Abuja Nigeria
34%
Dacca Bangladesh
33%
Sri Jayawardenapura Kotte Sri Lanka
33%
Lomé Togo
32%
Achgabat Turkménistan
32%
Vilnius Lituanie
31%
Malé Maldives
31%
Wellington Nouvelle-Zélande
30%
Luanda Angola
29%
Belmopan Belize
29%
Podgorica Monténégro
29%
Kigali Rwanda
29%
Mascate Oman
28%
Mogadiscio Somalie
28%
Harare Zimbabwe
28%
Tirana Albanie
27%
Bandar Seri Begawan Brunei
27%
Georgetown Guyana
27%
Douchanbé Tadjikistan
27%
Bichkek Kirghizistan
26%
Freetown Sierra Leone
26%
Dodoma Tanzanie
26%
Tripoli Libye
25%
Bangui République Centrafricaine
25%
Djouba Soudan du Sud
25%
Gaborone Botswana
24%
Banjul Gambie
24%
Skopje Macédoine du Nord
24%
Managua Nicaragua
24%
Niamey Niger
24%
Apia Samoa
24%
N'Djaména Tchad
24%
Dili Timor oriental
24%
Nassau Bahamas
23%
Ouagadougou Burkina Faso
23%
Maputo Mozambique
23%
Castries Sainte-Lucie
23%
Bridgetown Barbade
22%
Gitega Burundi
22%
Lilongwe Malawi
22%
Port-Louis Maurice
22%
Nouakchott Mauritanie
22%
Kampala Ouganda
22%
Basseterre Saint-Christophe-et-Niévès
22%
Lusaka Zambie
22%
Saint-Domingue République dominicaine
21%
Manama Bahreïn
20%
Naypyidaw Birmanie
20%
Mbabane Eswatini
20%
Tbilissi Géorgie
20%
Maseru Lesotho
19%
Vaduz Liechtenstein
19%
Kingstown Saint-Vincent-et-les-Grenadines
19%
Praia Cap-Vert
18%
Moroni Comores
18%
San José Costa Rica
18%
Monrovia Liberia
18%
Paramaribo Suriname
18%
Funafuti Tuvalu
18%
Porto-Novo Bénin
17%
Malabo Guinée équatoriale
17%
Port Moresby Papouasie-Nouvelle-Guinée
16%
Honiara Îles Salomon
15%
Port-d'Espagne Trinité-et-Tobago
14%
Sanaa Yémen
14%
Yaoundé Cameroun
13%
Palikir États fédérés de Micronésie
13%
Majuro Îles Marshall
13%
Tachkent Ouzbékistan
13%
Nuku'alofa Tonga
13%
Port-Vila Vanuatu
13%
Yamoussoukro Côte d'Ivoire
12%
Roseau Dominique
11%
Tegucigalpa Honduras
11%
Thimphou Bhoutan
10%
Victoria Seychelles
10%
Saint John's Antigua-et-Barbuda
8%
Saint-Georges Grenade
8%
Vientiane Laos
8%
Windhoek Namibie
8%
Suva Fidji
7%
Tarawa Kiribati
7%
Melekeok Palaos
7%
Yaren Nauru
4%
Asmara Ethiopie
2%
Aucun quiz correspondant
Distribution des résultats
% des personnes avec chaque résultat
Percentile par nombre de réponses
Votre historique - résultats
Vous n’avez pas pris ce quiz